|
|
|
|
| LEADER |
00000nam0a2200000 4500 |
| 001 |
283697 |
| 005 |
20231101235625.0 |
| 010 |
|
|
|a 9785891185920
|
| 035 |
|
|
|a (RuTPU)RU\TPU\book\307821
|
| 090 |
|
|
|a 283697
|
| 100 |
|
|
|a 20150210d2012 k y0rusy50 ca
|
| 101 |
0 |
|
|a rus
|
| 102 |
|
|
|a RU
|
| 105 |
|
|
|a a z 001zy
|
| 200 |
1 |
|
|a Фундаментальные основы формирования ресурсной базы стратегического сырья (Au, Ag, Pt, Cu, редкие элементы и металлы)
|f Российский фонд фундаментальных исследований (РФФИ) ; Российская академия наук (РАН), Институт геологии рудных месторождений, петрографии, минералогии и геохимии (ИГЕМ)
|
| 210 |
|
|
|a Москва
|c ГЕОС
|d 2012
|
| 215 |
|
|
|a 340 с.
|c ил.
|
| 320 |
|
|
|a Библиография в конце глав.
|
| 330 |
|
|
|a Монография основана на материалах одноименной Программы ОФИ-М, выполнявшейся в 2009-2011 годах. В ней систематизированы результаты исследований по актуальным проблемам современных научных (фундаментальных) основ формирования ресурсной базы стратегического сырья (Au, Ag, Pt, Си, редкие элементы и металлы) нашей страны. Они в полной мере отражают современные представления о механизмах формирования и закономерностях размещения рудных месторождений и о связи этих механизмов с региональными и глобальными геологическими процессами, в том числе с необратимой геодинамической эволюцией литосферы Земли.Монография состоит из восьми глав, в написании которых приняли участие крупные научные коллективы, имеющие большие теоретические и прикладные наработки в области изучения конкретных месторождений, а также выявления новых и нетрадиционных генетических типов полезных ископаемых. Две последние главы монографии посвящены вопросам формирования научных основ технологических разработок извлечения и концентрирования тяжелых и редких металлов, в том числе, радиоактивных элементов из нового, постоянно растущего их источника, который представляют разнообразные промышленные отходы. Работа будет полезна для широкой геологической аудитории и, прежде всего, для геологов-рудников и металлогенистов.
|
| 606 |
1 |
|
|a Цветные металлы
|x Месторождения
|x Подсчет и классификация запасов
|2 stltpush
|3 (RuTPU)RU\TPU\subj\17847
|9 43408
|
| 606 |
1 |
|
|a Благородные металлы
|x Месторождения
|2 stltpush
|3 (RuTPU)RU\TPU\subj\28835
|9 52311
|
| 606 |
1 |
|
|a Редкие металлы
|x Месторождения
|2 stltpush
|3 (RuTPU)RU\TPU\subj\24210
|9 48623
|
| 610 |
1 |
|
|a стратегическое сырье
|
| 610 |
1 |
|
|a ресурсная база
|
| 610 |
1 |
|
|a формирование
|
| 610 |
1 |
|
|a Россия
|
| 610 |
1 |
|
|a мантийные плюмы
|
| 610 |
1 |
|
|a термохимические модели
|
| 610 |
1 |
|
|a щелочные магматические системы
|
| 610 |
1 |
|
|a алмазоносность
|
| 610 |
1 |
|
|a окислительный потенциал
|
| 610 |
1 |
|
|a платиноидно-золото-графитоносные руды
|
| 610 |
1 |
|
|a метаморфизм
|
| 610 |
1 |
|
|a метасоматоз
|
| 610 |
1 |
|
|a актиниды
|
| 610 |
1 |
|
|a иммобилизация
|
| 610 |
1 |
|
|a гетерокаркасные силикаты
|
| 675 |
|
|
|a 553.4.04
|v 3
|
| 675 |
|
|
|a 553.41
|v 3
|
| 675 |
|
|
|a 553.493.5
|v 3
|
| 712 |
0 |
2 |
|a Российский фонд фундаментальных исследований (РФФИ)
|c (Москва)
|2 stltpush
|3 (RuTPU)RU\TPU\col\112
|
| 712 |
0 |
2 |
|a Российская академия наук (РАН)
|b Институт геологии рудных месторождений, петрографии, минералогии и геохимии (ИГЕМ)
|c (Москва)
|2 stltpush
|3 (RuTPU)RU\TPU\col\236
|
| 801 |
|
1 |
|a RU
|b 63413507
|c 20150210
|
| 801 |
|
2 |
|a RU
|b 63413507
|c 20150224
|g RCR
|
| 942 |
|
|
|c BK
|